LIBRARY & INFORMATION CENTRE, KCAET, TAVANUR

ONLINE PUBLIC ACCESS CATALOGUE (OPAC)

Swapnavasavadatham / (Record no. 4939)

MARC details
000 -LEADER
fixed length control field 00420cam a2200169ua 4500
041 ## - LANGUAGE CODE
Language code of text/sound track or separate title mal
082 ## - DEWEY DECIMAL CLASSIFICATION NUMBER
Classification number 894.8121
Item number NAR/SW
100 ## - MAIN ENTRY--AUTHOR NAME
Personal name Narayana Pisharody, K P .
245 ## - TITLE STATEMENT
Title Swapnavasavadatham /
260 ## - PUBLICATION, DISTRIBUTION, ETC. (IMPRINT)
Place of publication Thrissur :
Name of publisher Geetha Press ,
Year of publication 1969.
300 ## - PHYSICAL DESCRIPTION
Number of Pages 132 ; .
942 ## - ADDED ENTRY ELEMENTS (KOHA)
Koha item type Books
Holdings
Withdrawn status Lost status Damaged status Home library Current library Date acquired Full call number Accession Number Koha item type
      KAUAET KAUAET 07/04/2012 894.8121 12945 Books
free website counter